Statistiques concernant Les 20 villes les plus peuplées de Provence-Alpes-Côte-d'Azur

Cliquez ici pour prendre le quiz!

Statistiques générales

  • Ce quiz a été pris 294 fois
  • Le résultat moyen est 15 sur 20

Statistiques - réponses

PopulationVille% Correct
858 120 / Bouches-du-RhôneMarseille
100%
343 895 / Alpes-MaritimesNice
100%
142 149 / Bouches-du-RhôneAix-en-Provence
96%
165 584 / VarToulon
96%
73 744 / Alpes-MaritimesCannes
95%
92 209 / VaucluseAvignon
91%
40 225 / Hautes-AlpesGap
81%
75 731 / Alpes-MaritimesAntibes
80%
56 502 / VarHyères
79%
53 511 / VarFréjus
75%
52 697 / Bouches-du-RhôneArles
74%
48 870 / Bouches-du-RhôneMartigues
66%
50 409 / Alpes-MaritimesGrasse
64%
64 675 / VarLa Seyne-sur-Mer
62%
45 128 / Bouches-du-RhôneAubagne
61%
43 463 / Bouches-du-RhôneIstres
61%
35 631 / Bouches-du-RhôneLa Ciotat
56%
44 187 / Bouches-du-RhôneSalon-de-Provence
52%
47 811 / Alpes-MaritimesCagnes-sur-Mer
50%
42 454 / Alpes-MaritimesLe Cannet
34%

Distribution des résultats

Percentile par nombre de réponses

% des personnes avec chaque résultat

Votre développement - résultats

Vous n’avez pas pris ce quiz